Vista normal
Vista MARC
- Kosík, Karel,
Entrada Personal Name
Número de registros utilizados en: 3
001 - CONTROL NUMBER
- control field: 11787
003 - CONTROL NUMBER IDENTIFIER
- control field: armounm
005 - DATE AND TIME OF LATEST TRANSACTION
- control field: 20170808151338.0
008 - FIXED-LENGTH DATA ELEMENTS
- fixed length control field: 170808|| aca||aabn | a|a d
040 ## - CATALOGING SOURCE
- Original cataloging agency: AR-MoUNM
100 ## - HEADING--PERSONAL NAME
- Personal name: Kosík, Karel,
- Dates associated with a name: 1926-
UNM ® 2018
Biblioteca UNM
Universidad Nacional de Moreno
Av. Bme. Mitre Nº 1891 (B1744OHC) Moreno
Provincia de Buenos Aires, República Argentina
(0237) 460-9300 (líneas rotativas)
(011) 2078-9170 (líneas rotativas)
biblioteca@unm.edu.ar
Universidad Nacional de Moreno
Av. Bme. Mitre Nº 1891 (B1744OHC) Moreno
Provincia de Buenos Aires, República Argentina
(0237) 460-9300 (líneas rotativas)
(011) 2078-9170 (líneas rotativas)
biblioteca@unm.edu.ar


